000 00547nam a22001817a 4500
005 20251108171112.0
008 250721s1987 xx 000 0 ara d
082 1 4 _a214.2/حاج
100 1 _aالحاج، خالد بن محمد علي
245 1 0 _aحقائق الإيمان بالملائكة و الجن /
264 1 _aعمان :
_bدار المنار للنشر و التوزيع،
_c1987.
300 _a427ص
650 1 7 _aالإسلام
650 1 7 _aالجان
650 1 7 _aالملائكة
942 _2ddc
_cBK
999 _c56646
_d56646